| 000 | 00601cam a2200193 4500 | ||
|---|---|---|---|
| 001 | IQ000837 | ||
| 020 | _a0471548987 | ||
| 008 | t19921992nyu eng | ||
| 035 | _aIQ000837 | ||
| 245 | 0 | 0 |
_aGaseous pollutants : _bCharacterization and cycling / _ced. Jerome O. Nriagu. |
| 260 |
_aNew York : _bJohn Wiley & Sons, _cc1992 |
||
| 300 |
_axii, 548 p. ; _c24 cm. |
||
| 440 | 0 |
_aAdvances in Environmental Science and Technology ; _vno. 24 |
|
| 504 | _aIncluye índice | ||
| 650 | 4 |
_aGases _xAnálisis |
|
| 700 | 1 | _aNriagu, Jerome O., ed. | |
| 942 |
_2lcc _cLIB |
||
| 999 |
_c91742 _d91742 |
||